Clubs de football commençant par M - Statistiques

Statistiques générales
  • Ce quiz a été pris 517 fois
  • Le résultat moyen est 8 sur 16
Statistiques - réponses
Par images Réponse % Correct
Manchester City
99%
Manchester United
99%
Montpellier Hérault SC
97%
Malmö FF
83%
Málaga CF
80%
Monza
59%
Maccabi Haïfa
57%
Middlesbrough FC
51%
Molde
47%
Millwall
42%
Munich 1860
38%
Monterrey
32%
Melbourne Victory
20%
Minnesota United
14%
Mansfield Town FC
10%
MC Alger
10%
Aucun quiz correspondant
Distribution des résultats
% des personnes avec chaque résultat
Percentile par nombre de réponses
Votre historique - résultats
Vous n’avez pas pris ce quiz